000 00540nam a2200229Ia 4500
003 OSt
005 20221005115442.0
006 a|||||r|||| 00| 0
007 ta
008 221004b |||||||| |||| 00| 0 eng d
024 _a62704
037 _cTextual
040 _aCRL
_cCRL
_beng
041 _2eng
_aeng
082 _aS:86, K9
100 _aBeech H R
_986923
245 0 _aChanging man's behaviour
260 _c1969
650 _aPSYCHOLOGY
942 _hS:86, K9
_cTEXL
_2cc
999 _c1034887
_d1034887